| 000 | 00000nam##2200000za#4500 |
| 001 | 9.604340 |
| 003 | CaOODSP |
| 005 | 20210624211530 |
| 007 | cr ||||||||||| |
| 008 | 150406|1997||||xxc|||||o f|0| 0 fre|d |
| 040 | |aCaOODSP|bfre |
| 043 | |an-cn--- |
| 086 | 1 |aEn56-119/8-1997-1F-PDF |
| 110 | 1 |aCanada. |bEnvironnement Canada. |
| 245 | 10|aSommaire national pour les décideurs|h[ressource électronique] |
| 260 | |aOttawa - Ontario : |bEnvironnement Canada |c[1997]. |
| 300 | |a28p.|bfigure, graphiques, cartes, photographies |
| 490 | 1 |aL'Étude pan-canadienne |
| 500 | |aLe n° de catalogue (En56-119/8-1997-1) et l'ISBN (0-662-63096-3) de l'édition imprimée bilingue ont été incorrectement copiés dans l'édition électronique. |
| 590 | |a12-31-Supp|b2012-07-06 |
| 720 | 1 |aMaxwell, Barrie |
| 720 | 1 |aMayer, Nicola |
| 720 | 1 |aStreet, Roger |
| 775 | 08|tNational summary for policy makers|w(CaOODSP)9.574602 |
| 776 | 0#|tNational summary for policy makers|w(CaOODSP)9.529330 |
| 776 | 0#|tSommaire national pour les décideurs|w(CaOODSP)9.529331 |
| 830 | #0|aL'étude pan-canadienne.|w(CaOODSP)9.503450 |
| 856 | 40|ahttp://publications.gc.ca|qPDF|s1.55 Mo|uhttps://publications.gc.ca/collections/Collection/En56-119-8-1997-1F.pdf |